000
00324nam a22001337a 4500
008
170830b xxu||||| |||| 00| 0 eng d
020
_a
9780205381913
041
_a
eng
080
_2
5TH
_a
070
100
_a
40
101
_a
MED
245
_a
FEATURE WRITING FOR NEWSPAPERS AND MAGAZINES
_c
FRIEDLANDER,E.J
942
_2
udc
_c
BK
999
_c
25654
_d
25654